000 00731nam a22001937a 4500
999 _c191758
_d191758
005 20220902103444.0
010 _aUR-11697
020 _a9789392496714
_c200.00
035 _aU-10252
037 _bDBAD/PUB
_a-
082 _a305.4
100 _aجہا ں نظیر
245 _aکشمیری لال ذاکر کے ناولوں کے نسوانی کرداروں کے مسایل /
_cجہا ں نظیر
_hا ر د و
246 _aKashmiri Lal Zakir ke Novelon ke Niswani Kirdaron ke Masayel /
_bby Jahan Nazeer
260 _aNew Delhi
_bEducational Publishing House
_c2021 ء
270 _aH.O. D1/16, Ansari Road, Daryaganj
_bNew Delhi
_e110002
300 _a167 ص
_c22cm(Hb)
942 _2ddc
_cUR
_h305.4
_mج ہ ا